<?xml version="1.0" encoding="UTF-8"?><?xml-stylesheet type="text/xsl" href="static/style.xsl"?><OAI-PMH xmlns="http://www.openarchives.org/OAI/2.0/" xmlns:xsi="http://www.w3.org/2001/XMLSchema-instance" xsi:schemaLocation="http://www.openarchives.org/OAI/2.0/ http://www.openarchives.org/OAI/2.0/OAI-PMH.xsd"><responseDate>2026-04-14T17:27:35Z</responseDate><request verb="GetRecord" identifier="oai:uvadoc.uva.es:10324/59637" metadataPrefix="marc">https://uvadoc.uva.es/oai/request</request><GetRecord><record><header><identifier>oai:uvadoc.uva.es:10324/59637</identifier><datestamp>2024-12-04T13:09:00Z</datestamp><setSpec>com_10324_1176</setSpec><setSpec>com_10324_931</setSpec><setSpec>com_10324_894</setSpec><setSpec>col_10324_1359</setSpec></header><metadata><record xmlns="http://www.loc.gov/MARC21/slim" xmlns:doc="http://www.lyncode.com/xoai" xmlns:xsi="http://www.w3.org/2001/XMLSchema-instance" xmlns:dcterms="http://purl.org/dc/terms/" xsi:schemaLocation="http://www.loc.gov/MARC21/slim http://www.loc.gov/standards/marcxml/schema/MARC21slim.xsd">
<leader>00925njm 22002777a 4500</leader>
<datafield tag="042" ind1=" " ind2=" ">
<subfield code="a">dc</subfield>
</datafield>
<datafield tag="720" ind1=" " ind2=" ">
<subfield code="a">Calvo Sancho, Carlos</subfield>
<subfield code="e">author</subfield>
</datafield>
<datafield tag="720" ind1=" " ind2=" ">
<subfield code="a">Quitián Hernández, Lara</subfield>
<subfield code="e">author</subfield>
</datafield>
<datafield tag="720" ind1=" " ind2=" ">
<subfield code="a">González Alemán, Juan Jesús</subfield>
<subfield code="e">author</subfield>
</datafield>
<datafield tag="720" ind1=" " ind2=" ">
<subfield code="a">Bolgiani, Pedro</subfield>
<subfield code="e">author</subfield>
</datafield>
<datafield tag="720" ind1=" " ind2=" ">
<subfield code="a">Santos Muñoz, Daniel</subfield>
<subfield code="e">author</subfield>
</datafield>
<datafield tag="720" ind1=" " ind2=" ">
<subfield code="a">Martín Pérez, María Luisa</subfield>
<subfield code="e">author</subfield>
</datafield>
<datafield tag="260" ind1=" " ind2=" ">
<subfield code="c">2023</subfield>
</datafield>
<datafield tag="520" ind1=" " ind2=" ">
<subfield code="a">Tropical cyclones (TCs) can develop as a result of the tropical transition (TT) process, which occurs when an extratropical cyclone (EC) begins to exhibit tropical characteristics, forming a TC. In this study, four TT processes that lead to a hurricane structure [Delta (2005), Ophelia (2017), Leslie (2018), and Theta (2020)] are evaluated using two high-resolution numerical models (WRF and HARMONIE-AROME). Both tracks and intensities of the cyclones are assessed by comparing the simulated minimum sea level pressure and maximum wind speed to an observational dataset. Moreover, a spatial verification is performed by comparing the MSG-SEVIRI brightness temperature (BT) and accumulated precipitation (IMERG) to the corresponding simulations accomplished by both models. Analyzing the track results, the WRF model, on average, outstands HARMONIE-AROME. However, it is the HARMONIE-AROME model that performs better than WRF when reproducing the intensity of these cyclones. Concerning the BT spatial validation, HARMONIE-AROME slightly outperformed WRF when reproducing the cyclone's structure but failed when simulating the BT amplitude. Besides, both models achieved a nearly perfect cyclone location. In terms of accumulated precipitation results, the HARMONIE-AROME model overestimates the larger structures while underestimating the smaller ones, whereas the WRF model underestimates the bigger structures, being poorly located by both models. Although it is difficult to establish which numerical model performs better, the overall results show an outstanding of the HARMONIE-AROME model over the WRF model when simulating TT processes.</subfield>
</datafield>
<datafield tag="024" ind2=" " ind1="8">
<subfield code="a">Atmospheric Research, 2023, vol. 291, 106801</subfield>
</datafield>
<datafield tag="024" ind2=" " ind1="8">
<subfield code="a">0169-8095</subfield>
</datafield>
<datafield tag="024" ind2=" " ind1="8">
<subfield code="a">https://uvadoc.uva.es/handle/10324/59637</subfield>
</datafield>
<datafield tag="024" ind2=" " ind1="8">
<subfield code="a">10.1016/j.atmosres.2023.106801</subfield>
</datafield>
<datafield tag="024" ind2=" " ind1="8">
<subfield code="a">106801</subfield>
</datafield>
<datafield tag="024" ind2=" " ind1="8">
<subfield code="a">Atmospheric Research</subfield>
</datafield>
<datafield tag="024" ind2=" " ind1="8">
<subfield code="a">291</subfield>
</datafield>
<datafield ind1=" " ind2=" " tag="653">
<subfield code="a">Matemáticas</subfield>
</datafield>
<datafield ind1=" " ind2=" " tag="653">
<subfield code="a">Artificial intelligence</subfield>
</datafield>
<datafield tag="245" ind1="0" ind2="0">
<subfield code="a">Assessing the performance of the HARMONIE-AROME and WRF-ARW numerical models in North Atlantic Tropical Transitions</subfield>
</datafield>
</record></metadata></record></GetRecord></OAI-PMH>